000 00351nam a2200145Ia 4500
005 20251222143253.0
008 251222s9999||||xx |||||||||||||| ||spa||
020 _a9788483067956
082 _a190/S27
100 _aSavater, Fernando
245 0 _aLa Aventura de Pensar
250 _a1ra.ed
264 _bRandom House Mondadori, S.A.
942 _cLIB
999 _c15030
_d15030